000 01442aam a2200325 4500
001 20318
003 CO-MdFUSB
005 20180622170413.0
008 170601t2008 xxu||||f |||| 00| 0 eng d
020 _a978-1-60258-023-7
040 _aCO-MdFUSB
_bspa
_cCO-MdFUSB
_dCO-MdFUSB
_erda
041 _aeng
082 _224
_aG 287.092
_bB974s
100 1 _aBurton, Vicki Tolar
_eautor
245 1 0 _aSpiritual literacy in John Wesley's methodism
_b: Reading, writing, and speaking to believe
_c/ Vicki Tolar Burton
264 1 _aWaco, Texas :
_bBaylor University Press,
_c℗2008
264 4 _c©2008
300 _axix, 388 páginas
_b:
_c;
336 _2rdacontent
_a1
_ba1
337 _2rdamedia
_a2
_b5
338 _2rdacarrier
_a2
_b5
490 _aStudies in Rhetoric and Religion
500 _aIncluye índice (p. 377-388)
504 _aBibliografía (p. 355- 376)
505 0 0 _aJohn Wesley, las prácticas retóricas y la alfabetización del metodismo temprana - Patrones parentales y prácticas - Diarios y revistas como la alfabetización espiritual - Alfabetización y prácticas retóricas de predicadores que viajan - Mujeres metodistas cambiando el espacio retórico - Cuenta de la experiencia de Hester Ann Rogers - Inventario de libros de John Wesley inventario (1791) - Escuela los domingos para niños que trabajan
563 _aPasta dura
653 _aIglesia Metodista
942 _cBK
999 _c46669
_d46669